XXIV Asamblea Anual, celebrada en 21 de septiembre de 1921 en la ciudad de Olot / (Record no. 114472)

MARC details
000 -LEADER
campo de control de longitud fija 00999nam a2200217 i 4500
001 - NÚMERO DE CONTROL
campo de control 114472
003 - IDENTIFICADOR DE NÚMERO DE CONTROL
campo de control ES-MaACL
005 - FECHA Y HORA DE LA ÚLTIMA TRANSACCIÓN
campo de control 20230906190150.0
007 - CAMPO FIJO DE DESCRIPCIÓN FÍSICA--INFORMACIÓN GENERAL
campo de control de longitud fija t|
008 - DATOS DE LONGITUD FIJA--INFORMACIÓN GENERAL
campo de control de longitud fija 070302s1921 sp ||||1| spa d
111 2# - ENTRADA PRINCIPAL--NOMBRE DE CONGRESO/REUNIÓN
Nombre de congreso/reunión o jurisdicción como elemento de entrada Asamblea del Colegio de Médicos de la Provincia de Gerona (
Número del congreso/reunión o número de parte o sección 24ª.
Fecha del congreso o de la firma del tratado 1921.
Sede del congreso/Lugar de la reunión Olot)
9 (RLIN) 23
245 10 - MENCIÓN DEL TÍTULO
Título XXIV Asamblea Anual, celebrada en 21 de septiembre de 1921 en la ciudad de Olot /
Mención de responsabilidad, etc. Colegio de Médicos de la Provincia de Gerona.
260 ## - PUBLICACIÓN, DISTRIBUCIÓN, ETC.
Lugar de publicación, distribución, etc. Gerona :
Nombre del editor, distribuidor, etc. Imprenta y Librería de Antonio Franquet,
Fecha de publicación, distribución, etc. 1921.
300 ## - DESCRIPCIÓN FÍSICA
Extensión 33 p. ;
Dimensiones 25 cm.
505 8# - NOTA DE CONTENIDO CON FORMATO
Nota de contenido con formato Contiene: Del diagnóstico precoz de las indicaciones quirúrgicas, en las crisis abdominales agudas / por Pedro Pujol y Capdevila
650 14 - PUNTO DE ACCESO ADICIONAL DE MATERIA--TÉRMINO DE MATERIA
Término de materia o nombre geográfico como elemento de entrada Abdomen agudo.
9 (RLIN) 9561
700 1# - ENTRADA AGREGADA--NOMBRE PERSONAL
Nombre de persona Pujol y Capdevila, Pedro.
9 (RLIN) 94357
710 2# - ENTRADA AGREGADA--NOMBRE DE ENTIDAD CORPORATIVA
Nombre de entidad corporativa o nombre de jurisdicción como elemento de entrada Colegio de Médicos de la Provincia de Gerona.
9 (RLIN) 2909
740 0# - ENTRADA AGREGADA--TÍTULO RELACIONADO/ANALÍTICO NO CONTROLADO
Título relacionado o analítico no controlado Del diagnóstico precoz de las indicaciones quirúrgicas, en las crisis abdominales agudas.
852 ## - LOCALIZACIÓN
Ubicación ES-MaACL
Número de control de estantería 1613-F-7
Holdings
Estatus retirado Estado de pérdida Estado de daño No para préstamo Colección Biblioteca de origen Biblioteca actual Ubicación en estantería Fecha de adquisición Fuente de adquisición Total de préstamos Signatura topográfica completa Código de barras Visto por última vez Precio de reemplazo Tipo de ítem Koha
        Colección de folletos Biblioteca del Ateneo de Madrid Biblioteca del Ateneo de Madrid Depósito folletos 17/01/2008     1613-F-7 1119381 23/02/2023 23/02/2023 Folleto